000 00984cam a22002774a 4500
001 13526948
003 OSt
005 20160825143903.0
008 040317s2004 mau b 001 0 eng
010 _a 2004048288
020 _a0-262-69317-8 (pbk. : alk. paper)
040 _aDLC
_cDLC
_dDLC
042 _apcc
050 0 0 _aQA76.73.C154
_bS47 2004
082 0 0 _aDC 005.133
_22004
_bSe7c
100 1 _aSestoft, Peter.
245 1 0 _aC# precisely /
_cPeter Sestoft, Henrik I. Hansen.
260 _aCambridge, Mass. :
_bMIT Press,
_c2004.
300 _aviii, 204 pages ;
_c23 cm.
504 _aIncludes bibliographical references and index.
650 0 _aC# (Computer program language)
700 1 _aHansen, Henrik I.
906 _a7
_bcbc
_corignew
_d1
_eocip
_f20
_gy-gencatlg
942 _2ddc
_cDC
999 _c4129
_d4129